Western nationalism and Eastern nationalism: is there a difference that matters? (Record no. 48868)

000 -LEADER
fixed length control field 00390pab a2200145 454500
008 - FIXED-LENGTH DATA ELEMENTS--GENERAL INFORMATION
fixed length control field 180718b2001 xxu||||| |||| 00| 0 eng d
100 ## - MAIN ENTRY--PERSONAL NAME
Personal name Anderson, Benedict
245 ## - TITLE STATEMENT
Title Western nationalism and Eastern nationalism: is there a difference that matters?
260 ## - PUBLICATION, DISTRIBUTION, ETC.
Date of publication, distribution, etc. 2001
300 ## - PHYSICAL DESCRIPTION
Extent p.31-42
362 ## - DATES OF PUBLICATION AND/OR SEQUENTIAL DESIGNATION
Dates of publication and/or sequential designation May-Jun
650 ## - SUBJECT ADDED ENTRY--TOPICAL TERM
Topical term or geographic name entry element Nationalism
773 ## - HOST ITEM ENTRY
Main entry heading New Left Review
909 ## -
-- 48868
Holdings
Withdrawn status Lost status Damaged status Not for loan Permanent Location Current Location Date acquired Barcode Date last seen Price effective from Koha item type
        Indian Institute of Public Administration Indian Institute of Public Administration 2018-07-19 AR49296 2018-07-19 2018-07-19 Articles

Powered by Koha